000 00599nam a2200229Ia 4500
003 OSt
005 20220918212356.0
006 a|||||r|||| 00| 0
007 ta
008 220917b |||||||| |||| 00| 0 eng d
024 _a128,689
037 _cTextual
040 _aARTS
_cARTS
_beng
041 _2eng
_aeng
082 _aW94, K5
100 _aSharif M M
_976818
245 0 _aNational intergration and other essays
260 _aLahore
_bInst Of Islamic Culture
_c1965
650 _aPOLITICAL SCIENCE
942 _hW94, K5
_cTEXL
_2CC
999 _c251823
_d251823